02027nam a2200361 i 4500003000900000005001700009007000300026008004100029040003000070082001300100100002900113245019200142264006900334300004500403336002700448337003400475338002800509500006500537500005700602500006500659500002900724511038300753590002701136700004901163700004101212700004101253700004101294910001401335942001301349952014801362952013801510999001701648DO-SdBNP20240314095306.0ta240314s2012 dr o 000 j spa d aDO-SdBNPbspacBNPHUerda bS211222 aSánchez, Amaury91176513aEl mago de Oz :b[programa de la obra] /cAmaury Sánchez ; producción ejecutiva Yanira Ferry : dirección Waddys Jáquez : coreografía Pablo Pérez : escenografía Omar Martí  1aSanto Domingo :b[Teatro Nacional],b[Gran Teatro Cibao],c2012. a[28] páginas, bfotografíasc28 cm. 2rdacontentatextobtxt 2rdamediaasin mediación bn 2rdacarrieravolumenbnc a5, 6, 7, 12, 13, 14 octubre del 2012 en el Teatro Nacional.  a20, 21 de octubre 2012 en el Gran Teatro del Cibao.  aPrograma con los nombres de los actores, bailarines y otros. aObra de teatro musical.  aPersonajes/Actores: Dorothy - Ameris Cepeda, Tia Em - Cuché González Del Rey, Tio Henry - Miguel Lendor (Papachín), Zeke-León - Luis José Germán, Hickory-Hombre de Hojalata - Josué Guerrero, Hunk-Espantapajaros - Javier Grullón, Sra. Gultch-Bruja Del Norte - Carlota Carretero, Glinda-Hada - Hony Estrella, Profesor Marvel-Mago de Oz - Cuquín Victoria.  aInventariado, 2024/ YL1 aFerry, Yaniraeproducción ejecutiva9850281 aJáquez, Waddysedirección9850291 aPérez, Pabloecoreografía9850301 aMartí, Omareescenografía985031 aYLockward 2ddccLF2 00102ddc51708DS-FaBNPHUbBNPHUcCTd2019-04-04eDonado por Maritza Pérez G. l0oBNPHU F-PD S211p2024-1430r2024-03-14w2024-03-14yLF2 00102ddc51708DS-FaBNPHUbBNPHUcCTd2018-02-19eDeposito Legall0oBNPHU F-PD S211p2024-2039r2024-04-10te. 2w2024-03-14yLF2 c56098d56098